Elementary and intermediate algebra for college students:/ (Record no. 11354)

000 -LEADER
fixed length control field 00558nam a2200169 4500
008 - FIXED-LENGTH DATA ELEMENTS--GENERAL INFORMATION
fixed length control field 160706b xxu||||| |||| 00| 0 eng d
020 ## - INTERNATIONAL STANDARD BOOK NUMBER
International Standard Book Number 0132337223
050 ## - LIBRARY OF CONGRESS CALL NUMBER
Classification number QA 152.3.A57 2008
100 ## - MAIN ENTRY--PERSONAL NAME
Personal name Angel, Allen R.
Dates associated with a name 2008
245 ## - TITLE STATEMENT
Title Elementary and intermediate algebra for college students:/
Statement of responsibility, etc. Allen R. Angel
250 ## - EDITION STATEMENT
Edition statement 3rd ed.
260 ## - PUBLICATION, DISTRIBUTION, ETC. (IMPRINT)
Place of publication, distribution, etc. New Jersey;
Name of publisher, distributor, etc. Pearson;
Date of publication, distribution, etc. 2008.
300 ## - PHYSICAL DESCRIPTION
Extent xviii,966(69) p. : ill.
Other physical details Includes index.
650 ## - SUBJECT ADDED ENTRY--TOPICAL TERM
Topical term or geographic name as entry element Algebra-Textbooks.
700 ## - ADDED ENTRY--PERSONAL NAME
Personal name Allen R. Angel
942 ## - ADDED ENTRY ELEMENTS (KOHA)
Source of classification or shelving scheme
Koha item type Hard Covered Materials
Classification part QA 152.3.A57 2008
Holdings
Withdrawn status Lost status Source of classification or shelving scheme Damaged status Not for loan Home library Current library Date acquired Source of acquisition Total Checkouts Full call number Barcode Date last seen Price effective from Koha item type
          MACHAKOS UNIVERSITY LIBRARY MACHAKOS UNIVERSITY LIBRARY 06/07/2016 Donation(BFA)   QA 152.3.A57 2008 21673 06/07/2016 06/07/2016 Hard Covered Materials
© Machakos University Library, Along The Highway, Machakos Wote Rd, Machakos, Kenya P.O. Box 136 - 90100 Machakos - Kenya

Tel: ( +254 ) 723 805829 OR Fax : 044-20353 OR Email: library@mksu.ac.ke